| 000 | 00684nam a22002057a 4500 | ||
|---|---|---|---|
| 003 | OSt | ||
| 005 | 20251127132744.0 | ||
| 008 | 251127b |||||||| |||| 00| 0 eng d | ||
| 020 | _a978-1-4462-5593-3 | ||
| 040 |
_aDWCL-Main lib. _cOC |
||
| 082 | _aCirc. 300.723 A975c 2013 | ||
| 100 | _aAlvesson, Mats | ||
| 245 |
_aConstructing research questions : _bdoing interesting research/ _cMats Alvesson |
||
| 260 |
_aLondon : _bSAGE Publications, _cc2013. |
||
| 300 |
_axiii, 141 pages ; _c24 centimeters. |
||
| 504 | _aIncludes index, appendix | ||
| 650 | _a1. Social sciences--Research--Design. | ||
| 650 | _a2. Questionnaires--Design. | ||
| 942 |
_2ddc _cBK-CIRC _hCirc. _n0 |
||
| 999 |
_c6465 _d6465 |
||